|
|
|
|
| LEADER |
01066nam a2200241 a 4500 |
| 003 |
GR-PaULI |
| 005 |
20250328063540.0 |
| 008 |
090724s1984 gr f gre d |
| 952 |
|
|
|0 0
|1 0
|2 ddc
|4 0
|6 185_000000000000000_ΗΛΙ
|7 0
|9 229584
|a LISA
|b LISA
|c BSC
|d 2019-01-29
|i 14666
|l 0
|o 185 ΗΛΙ
|p 027000001553
|r 2019-01-29 00:00:00
|t 1
|w 2019-01-29
|y BK15
|
| 999 |
|
|
|c 139395
|d 139395
|
| 020 |
|
|
|a 9789600421149
|
| 040 |
|
|
|a GR-PaULI
|b gre
|c GR-PaULI
|d GR-AiPI
|e AACR2
|
| 082 |
0 |
4 |
|a 185
|2 23
|
| 100 |
1 |
|
|9 9491
|a Ηλιού, Ηλίας Φ.
|d 1904-1985
|e συγγραφέας.
|
| 245 |
1 |
2 |
|a Η ρητορική του Αριστοτέλη /
|c Ηλία Φ. Ηλιού.
|
| 260 |
|
|
|a Αθήνα :
|b Κέδρος,
|c c1984.
|
| 300 |
|
|
|a 330 σ. ;
|c 20 εκ.
|
| 504 |
|
|
|6 Περιλαμβάνει βιβλιογραφικές παραπομπές.
|
| 600 |
1 |
0 |
|a Αριστοτέλης,
|d 384 π.Χ.-322 π.Χ.
|9 10130
|
| 650 |
|
4 |
|a Αριστοτελική φιλοσοφία
|9 2639
|
| 650 |
|
4 |
|a Ρητορική, Αρχαία
|9 42596
|
| 942 |
|
|
|2 ddc
|c BK15
|
| 998 |
|
|
|c ΛΟΥΚΟΠΟΥΛΟΥ
|d 2019-01
|